00619nam a2200193Ia 4500008004100000020001500041041001200056082001100068100001600079245006000095250000800155260003800163300000800201650001600209700001800225942000700243999001500250952016000265221030s9999 xx 000 0 und d a0471838217 aEnglish a105.23 aR. A. Gabel 0aSignals & Linear Systemscby R. A. Gabel, R. A. Roberts a3rd bJohn Wiley & SonsaNew Yorkc1987 a470 aBE Computer aR. A. Roberts cBK c6069d6069 pBE 9919l0o105.23 r2024-06-13 00:00:00w2022-10-30yBK003Print4071aMIETLIBbMIETLIBcBL-Academic Block B, FL-1, CUP-77, SH-6, R-6d2009-03-1010HBE